| 000 | 00609nam a2200181 a 4500 | ||
|---|---|---|---|
| 001 | BRCA_8386 | ||
| 005 | 20190320210247.0 | ||
| 008 | 141114s2011----mx-a######---#000-0#spa-# | ||
| 020 | _a9786076050743 | ||
| 041 | _aspa | ||
| 050 | 4 | _bA68 2011 | |
| 100 | 1 |
_aAquino Casas, Arnulfo _921010 |
|
| 245 | 1 | 0 |
_aImágenes épicas en el México contemporáneo _bde la gráfica al grafiti, 1968-2011 _cArnulfo Aquino Casas. |
| 260 |
_aMéxico _bCENIDIAP: Instituto Nacional de Bellas Artes y Literatura _c2011 |
||
| 300 |
_a287 p. _bil. (algunas a color) _c22 cm. |
||
| 504 | _aBibliografía: p. 285-287 | ||
| 942 |
_2lcc _cB |
||
| 999 |
_c8054 _d8054 |
||